| 000 | 00462 a2200133 4500 | ||
|---|---|---|---|
| 245 |
_aFrench religious wars, 1562-1598 _hprint |
||
| 020 | _a1841763950 (pbk.) | ||
| 005 | 20191021112920.0 | ||
| 260 |
_aenk _bOsprey _c2002 |
||
| 084 | _aDC111.3 .K57 2002 | ||
| 300 |
_a96 p. : ill. (some col.), col. maps _b 25 cm. _c96 p. : ill. (some col.), col. maps ; 25 cm. |
||
| 500 | _aRobert J. Knecht. | ||
| 490 | _aEssential histories (Osprey Publishing) ; 47 | ||
| 999 |
_c13303 _d13303 |
||